Regionálne povedomie a identita regiónov na Slovensku

Región a jeho dimenzie. Regionálne povedomie obyvateľov Slovenska. Miera regionálneho povedomia obyvateľov Slovenska a jednotlivých sociálnych kategórií. Identita tradičných regiónov severného Slovenska. Hlavné elementy, ktoré obyvatelia Slovenska spájajú s danými regiónmi.

Salvato in:
Dettagli Bibliografici
Autore principale: Nikischer, Richard
Natura: Capitolo di libro
Lingua:slovacco
Soggetti:
Tags: Aggiungi Tag
Nessun Tag, puoi essere il primo ad aggiungerne!!

MARC

LEADER 00000nla a2200000 4500
001 0200273
005 20240417075057.2
041 0 |a slo 
044 |a SK 
245 1 0 |a Regionálne povedomie a identita regiónov na Slovensku  |c Richard Nikischer 
520 |a Región a jeho dimenzie. Regionálne povedomie obyvateľov Slovenska. Miera regionálneho povedomia obyvateľov Slovenska a jednotlivých sociálnych kategórií. Identita tradičných regiónov severného Slovenska. Hlavné elementy, ktoré obyvatelia Slovenska spájajú s danými regiónmi. 
610 2 0 |a ruch cestovný 
610 2 0 |a Slovensko 
610 2 0 |a identita 
610 2 0 |a regióny 
610 2 0 |a politika regionálna 
100 1 |a Nikischer, Richard